<?xml version="1.0" encoding="UTF-8"?>
<record
    xmlns:xsi="http://www.w3.org/2001/XMLSchema-instance"
    xsi:schemaLocation="http://www.loc.gov/MARC21/slim http://www.loc.gov/standards/marcxml/schema/MARC21slim.xsd"
    xmlns="http://www.loc.gov/MARC21/slim">

  <leader>01183nam a2200253 i 4500</leader>
  <controlfield tag="001">155176</controlfield>
  <controlfield tag="003">ES-MaACL</controlfield>
  <controlfield tag="005">20251015145632.0</controlfield>
  <controlfield tag="008">971001s1856    fr           |||| | fre d</controlfield>
  <datafield tag="040" ind1=" " ind2=" ">
    <subfield code="a">AR </subfield>
    <subfield code="b">spa </subfield>
    <subfield code="c">AR</subfield>
  </datafield>
  <datafield tag="100" ind1="1" ind2=" ">
    <subfield code="a">Hefele, Karl Joseph von, </subfield>
    <subfield code="d">1809-1893</subfield>
    <subfield code="9">62309</subfield>
  </datafield>
  <datafield tag="245" ind1="1" ind2="3">
    <subfield code="a">Le cardinal Ximenes [de Cisneros] franciscani et la situation de l'Eglise en Espagne &#xE1; la fin du XVe. et au commencement du XVIe. siecle </subfield>
    <subfield code="b">: avec une dissertation our l'inquisition / </subfield>
    <subfield code="c">par Hefel&#xE9; ; traduit par MM. Charles Sainte-Foi et P.-A de Bermond avec des notes des traducteurs.</subfield>
  </datafield>
  <datafield tag="260" ind1=" " ind2=" ">
    <subfield code="a">Paris : </subfield>
    <subfield code="b">Libr. de Mme. Ve. Poimelque-Rusand, </subfield>
    <subfield code="c">1856 (</subfield>
    <subfield code="e">Tours :</subfield>
    <subfield code="f">Imp. Mame)</subfield>
  </datafield>
  <datafield tag="300" ind1=" " ind2=" ">
    <subfield code="a">XVI, 588 p. ; </subfield>
    <subfield code="c">21 cm.</subfield>
  </datafield>
  <datafield tag="490" ind1="1" ind2=" ">
    <subfield code="a">Biblioth&#xE8;que franciscaine</subfield>
  </datafield>
  <datafield tag="600" ind1="1" ind2="4">
    <subfield code="a">Jim&#xE9;nez de Cisneros, Francisco, </subfield>
    <subfield code="d">1436-1517</subfield>
    <subfield code="9">66495</subfield>
  </datafield>
  <datafield tag="650" ind1=" " ind2="4">
    <subfield code="a">Inquisici&#xF3;n-</subfield>
    <subfield code="z">Espa&#xF1;a-</subfield>
    <subfield code="v">Historia.</subfield>
    <subfield code="9">13799</subfield>
  </datafield>
  <datafield tag="651" ind1=" " ind2=" ">
    <subfield code="a">Espa&#xF1;a-</subfield>
    <subfield code="x">Historia-</subfield>
    <subfield code="y">1474-1516, Reyes Cat&#xF3;licos.</subfield>
    <subfield code="9">8222</subfield>
  </datafield>
  <datafield tag="700" ind1="1" ind2=" ">
    <subfield code="a">Sainte-Foi, Charles (</subfield>
    <subfield code="d">1806-1861)</subfield>
    <subfield code="9">132301</subfield>
  </datafield>
  <datafield tag="700" ind1="1" ind2=" ">
    <subfield code="a">Bermond, P.A. de.</subfield>
    <subfield code="9">125940</subfield>
  </datafield>
  <datafield tag="830" ind1="0" ind2=" ">
    <subfield code="a">Biblioth&#xE8;que franciscaine</subfield>
    <subfield code="9">221544</subfield>
  </datafield>
  <datafield tag="852" ind1=" " ind2=" ">
    <subfield code="a">ES-MaACL</subfield>
    <subfield code="j">C-359 </subfield>
    <subfield code="z">-- Enc. hol.</subfield>
  </datafield>
  <datafield tag="999" ind1=" " ind2=" ">
    <subfield code="c">155176</subfield>
    <subfield code="d">155176</subfield>
  </datafield>
  <datafield tag="952" ind1=" " ind2=" ">
    <subfield code="0">0</subfield>
    <subfield code="1">0</subfield>
    <subfield code="4">0</subfield>
    <subfield code="7">0</subfield>
    <subfield code="8">LIBXIX</subfield>
    <subfield code="a">ATENEOM</subfield>
    <subfield code="b">ATENEOM</subfield>
    <subfield code="c">SPAL</subfield>
    <subfield code="d">2008-01-17</subfield>
    <subfield code="e">SSC</subfield>
    <subfield code="l">0</subfield>
    <subfield code="o">C-359</subfield>
    <subfield code="p">1162322</subfield>
    <subfield code="r">2023-02-23 00:00:00</subfield>
    <subfield code="w">2023-02-23</subfield>
    <subfield code="y">MONANT</subfield>
  </datafield>
</record>
